Ich prítomnosť a budúcnosť

Rozvoj telekomunikačnej infraštruktúry ako podmienka úspešnej ekonomickej reformy a privatizácie. Schválenie koncepcie pre rezort telekomunikácií a pôšt. Rozvojové zámery v telekomunikáciách. Finančné krytie projektu rozvoja telekomunikácií. Telekomunikačný úrad SR ako výkonná funkcia štátnej správy...

Descripción completa

Guardado en:
Detalles Bibliográficos
Autor principal: Pavlík, J.
Formato: Capítulo de libro
Lenguaje:eslovaco
Materias:
Etiquetas: Agregar Etiqueta
Sin Etiquetas, Sea el primero en etiquetar este registro!

MARC

LEADER 00000naa a2200000 4500
001 r016393
005 20221213114844.6
041 0 |a slo 
044 |a SK 
245 1 0 |a Ich prítomnosť a budúcnosť  |c J. Pavlík 
520 |a Rozvoj telekomunikačnej infraštruktúry ako podmienka úspešnej ekonomickej reformy a privatizácie. Schválenie koncepcie pre rezort telekomunikácií a pôšt. Rozvojové zámery v telekomunikáciách. Finančné krytie projektu rozvoja telekomunikácií. Telekomunikačný úrad SR ako výkonná funkcia štátnej správy. 
610 2 0 |a telekomunikácie 
610 2 0 |a správa štátna 
610 2 0 |a infraštruktúra 
610 2 0 |a financie 
610 2 0 |a modernizácia 
610 2 0 |a Slovenské telekomunikácie, š.p. Bratislava 
610 2 0 |a projekty investičné 
100 1 |a Pavlík, J.